1158 1636 1614 1205 1738 1891 1121 1501 1101 1779 1592 1365 1235 1430 1240 1299 1237 1705 1620 1381 1677 1814 1222 1625 1984 1520 1473 1520 1785 1901 1468 1423 1135 1557 1039 1113 1208 1513 1242 1756 1542 1801 1160 1725 1270 1970 1826 1443 1521 1716 1938 1275 1757 1577 1928 1225 1608 1486 1347 1714 1836 1355 1076 1623 1799 1158 1168 1882 1223 1925 1790 1621 1176 1165 1317 1140 1562 1815 1294 1236 1776 1829 1829 1869 1168 1202 1944 1356 1929 1642 1400 1399 1277 1601 1651 1665 1231 1369 1204 BCNSPRNW ULIB Ver.6.0+V

เปลี่ยนเป็นภาษาไทย

Change to English
 แสดงรายละเอียดบรรณานุกรม
  กลับหน้าหลัก

Brief Record : Get Marc (ISO 2709) : E-mail record : QR code < ปิดหน้าต่าง
LEADER : 00000nam 2200000uu 4500
001    13399110933
003     ULIB
008    110613s||||||||th 000 0 tha d
020    9749183320
050  4 AC158^bอ944ด 2004
100    แอนดรูว์ ชาร์แมน
245    เด็กๆรู้ไหมทำไมต้นไม้มีใบ /^cผู้แต่ง แอนดรูว์ ชาร์แมน
260    กรุงเทพฯ : ^bโกรเลียร์ อินเตอร์เนชั่นแนล, ^c2004
300    32 หน้า : ^bภาพประกอบสี ; ^c28 ซม.
650  7 ความรู้รอบตัว
650  7 ต้นไม้
945    ^p350^l0^i029034
995    ทศพร
999 ^a ใช้งานได้ทุกระบบ
รายการนี้ยังไม่มีแท็ก
คุณยังไม่ได้ล็อกอิน คุณสามารถมีกิจกรรมร่วมกับเว็บไซต์ได้ แต่ต้องล็อกอินก่อน ::
  ล็อกอิน

รายการสื่อสารสนเทศ

ลำดับที่ ประเภท เลขเรียก/บาร์โค้ด สถานที่ สถานะ
- ไม่พบข้อมูล -

รายการใกล้เคียง
    ผู้แต่ง [แอนดรูว์ ชาร์แมน]

    หัวเรื่อง [ความรู้รอบตัว]
    หัวเรื่อง [ต้นไม้]

BibComment


ยังไม่เคยถูกคอมเมนท์

คอมเมนท์ทรัพยากรรายการนี้
  คอมเมนท์: เด็กๆรู้ไหมทำไมต้..


 Copyright 2026. Bcnsprnw @Library